| 000 | 00632nam a2200205 u 4500 | ||
|---|---|---|---|
| 005 | 20240924071336.0 | ||
| 008 | 130212s2009 r 000 0 eng d | ||
| 020 | _a9788478277087 | ||
| 035 | _aUPN01000189530 | ||
| 049 | _aCG | ||
| 050 | 4 |
_aLB2832 _bT4.2 |
|
| 100 | 1 |
_aTeixidó Saballs, Joan, _d1960- _933489 |
|
| 245 | 1 | 3 |
_aLa acogida al profesorado de nueva incorporación / _cJoan Teixidó Saballs. |
| 260 |
_aBarcelona, Esp. : _bGraó, _c2009. |
||
| 300 |
_a198 p. : _bcuadros |
||
| 440 | 0 |
_aAcción directiva. _pOrganización y gestión educativa ; _v260 |
|
| 650 | 4 |
_aMaestros _916336 |
|
| 905 | _aLibro | ||
| 999 |
_c161633 _d161633 |
||